000 00286nam a22001337a 4500
008 170327b xxu||||| |||| 00| 0 eng d
020 _a0443076537
041 _aeng
080 _a615.83
100 _a8
101 _aSHM
245 _aCLINICAL VIROLOGY
_cRICHMAN.D.D
942 _2udc
_cBK
999 _c8654
_d8654